000 00745nas a2200241 4500
001 BR9500925
003 BR-BrBNA
005 20231205093852.0
007 ta
008 230509b bl.|||p| |||| 00| 00por d
040 _aBR-BrBNA
_bpor
_cBiblioteca Nacional de Agricultura
041 _a(Pt)
072 _aQ02
100 1 _aRossi, E.A.
100 1 _aOliveira, J.S. de
245 1 _aEfeito da concentracao de Tiocianato na eficiencia do sistema lactoperoxidase ativado em leite cru
650 _aLeite
650 _aMicrobiologia de Alimento
650 _aSao Paulo
773 0 _tAlimentos e Nutricao (Brazil)
_xISSN 0103-4235
_g(1993-1994), v. 5 p. 49-56
_wBR9500925
909 _a202311
_bLúcia
_c55
_dLúcia Elande
942 _2AGRIS
_n0
_cANA
999 _c140825
_d140825